EA FC 24 Quiz - Statistiken

Allgemein
  • Dieses Quiz wurde 400 mal gespielt
  • Das Durchschnittsergebnis liegt bei 6 aus 10
Antwortstatistiken
Frage Antwort % Korrekt
Welche Goldkarte ist in EA FC 24 am teuersten? Mbappe
89%
Welche Basis Icon hat in EA FC 24 das höchste Rating? Pele
89%
Aus welchem Land kommt Victor Osimhen? Nigeria
87%
Welcher Spieler hat keinen Toty bekommen? Kane
83%
Welche argentinische Legende ist nicht in EA FC 24? Maradona
72%
Welcher Mittelfeldtoty ist momentan am teuersten Alexia Putellas
48%
Was war das erste Event in EA FC 24? Nike Mad Ready
46%
Welche Ratings haben die Goats (Messi,Ronaldo) 90, 86
43%
Welches Rating hat Vinicius Junior auf seiner Goldkarte? 89
41%
Welche Farbe hat das "Radioactive" Design der Spieler? Gelb
41%
Keine übereinstimmenden Quizze gefunden
Verteilung der Resultate
Anzahl Personen mit jedem Resultat
Perzentil nach korrekt beantworteten Fragen
Ihre Resultats-Entwicklung
Sie haben dieses Quiz noch nicht gespielt